| 000 | 00776nam a2200229 u 4500 | ||
|---|---|---|---|
| 005 | 20241129063739.0 | ||
| 008 | 190226s2007 mx r 000 0 spa d | ||
| 020 | _a9789682481871 | ||
| 035 | _aUPN01000229285 | ||
| 049 | _aI | ||
| 050 | 4 |
_aPZ76.3 _bV3.8 |
|
| 100 | 1 |
_aVásquez Beveraggi, Zoraida _935668 |
|
| 245 | 1 | 1 |
_a¿Por qué el conejo tiene las orejas largas? / _c[adap.] Zoraida Vásquez, Julieta Montelongo ; il. Silvia Luz Alvarado. |
| 260 |
_aMéxico : _bTrillas, _cc2007. |
||
| 300 |
_a15 p. : _bil. col. |
||
| 650 | 4 |
_aConejos _vCuentos y leyendas _922085 |
|
| 650 | 4 |
_aAnimales _xHábitos y comportamiento _91059 |
|
| 650 | 4 |
_aLibros y lectura para niños _92290 |
|
| 700 | 1 |
_aMontelongo, Julieta, _ecoaut. _938653 |
|
| 905 | _aInfantil | ||
| 999 |
_c201380 _d201380 |
||